Revista boliviana de ecología y conservación ambiental. (Registro nro. 17364)
[ vista simple ]
| 000 -CABECERA | |
|---|---|
| Campo de control | 01089cas a2200253 a 4500 |
| 005 - FECHA Y HORA DE LA ULTIMA TRANSACCION | |
| Campo de control | 20181016153243.0 |
| 008 - ELEMENTOS DE LONGITUD FIJA—INFORMACION GENERAL | |
| Campo de control | 970123d19962012bo uu p 0 0spa c |
| 022 ## - ISSN | |
| ISSN | 1997-1192 |
| 040 ## - FUENTE DE CATALOGACIÓN | |
| Agencia catalogadora original | VXG |
| Agencia transcriptora | VXG |
| Agencia Modificadora | IXA |
| -- | DLC |
| -- | OCLCQ |
| -- | CUS |
| -- | OCLCQ |
| -- | OCLCF |
| -- | OCLCO |
| -- | HLS |
| -- | OCLCA |
| -- | CO-BoIAVH |
| 041 0# - IDIOMA | |
| Código de idioma para texto/pista de sonido o título separado | Español |
| Código de idioma del sumario o resumen/título o subtítulo sobreimpreso | eng |
| 044 ## - PAÍS DE PUBLICACIÓN | |
| País de publicación | Colombia |
| 090 ## - CLASIFICACIÓN LOCAL | |
| Colección | SE |
| 245 00 - MENCION DE TITULO | |
| Título | Revista boliviana de ecología y conservación ambiental. |
| 246 30 - FORMA VARIANTE DEL TITULO | |
| Título propiamente dicho/forma breve del título | Ecología y conservación ambiental |
| 246 13 - FORMA VARIANTE DEL TITULO | |
| Título propiamente dicho/forma breve del título | Bolivian magazine of ecology and environmental conservation |
| 260 ## - PUBLICACION, DISTRIBUCION, ETC. (PIE DE IMPRENTA) | |
| Lugar de publicación, distribución, etc. | Cochabamba, Bolivia : |
| Nombre del editor, distribuidor, etc. | Centro de Ecología Simón I. Patiño, Departamento de Difusión, |
| Fecha de publicación, distribución, etc. | 1996-. |
| 300 ## - DESCRIPCION FISICA | |
| Otros detalles físicos | ilustraciones ; |
| Dimensiones | 28 cm. |
| 650 26 - ASIENTO SECUNDARIO DE MATERIA - TERMINO TEMATICO | |
| Término temático o nombre geográfico como elemento de entrada | Ecología |
| Subdivisión geográfica | Bolivia |
| Subdivisión de forma | Publicaciones periódicas |
| 9 (RLIN) | 80461 |
| 650 26 - ASIENTO SECUNDARIO DE MATERIA - TERMINO TEMATICO | |
| Término temático o nombre geográfico como elemento de entrada | Conservación de la naturaleza |
| Subdivisión geográfica | Bolivia |
| Subdivisión de forma | Publicaciones periódicas |
| 9 (RLIN) | 82195 |
| 710 2# - ASIENTO SECUNDARIO - NOMBRE CORPORATIVO | |
| Nombre corporativo o de jurisdicción como elemento de entrada | Centro de Ecología Simón I. Patiño |
| Unidad subordinada | Departamento de Difusión. |
| 9 (RLIN) | 101367 |
| 776 08 - ADDITIONAL PHYSICAL FORM ENTRY | |
| Display text | Online version: |
| Title | Revista boliviana de ecología y conservación ambiental |
| Record control number | (OCoLC)646924567 |
| 942 ## - ELEMENTOS ADICIONALES (KOHA) | |
| Sistema de clasificación | Local |
| Tipo de ítem | Periodica o revista |
| Withdrawn status | Lost status | Sistema de Clasificación | Damaged status | No para préstamo | Colección | Fecha publicación (Año) | Número revista | Inventariado | Ubicación Permanente | Ubicación actual | Fecha de adquisición | Datos de publicación Seriada | Total Checkouts | Número topográfico | Inventario / Código de Barras | Date last seen | Ejemplar | Price effective from | Forma de adquisición | Tipo de material |
|---|---|---|---|---|---|---|---|---|---|---|---|---|---|---|---|---|---|---|---|---|
| Local | Hemeroteca | 2004 | 16 | Inventariado 2017 | Bogotá | Bogotá | 21/11/2005 | Número 16 (01/12/2004) | SE | 022348 | 25/03/2015 | Ej. 1 | 25/03/2015 | Donación | Periodica o revista | |||||
| Local | Hemeroteca | 2008 | 23 | Inventariado 2018 | Bogotá | Bogotá | 16/10/2018 | Número 23 (01/12/2008) | SE | 041820 | 16/10/2018 | Ej. 1 | 16/10/2018 | Donación | Periodica o revista |